| 000 | 00564nam a2200205 4500 | ||
|---|---|---|---|
| 001 | 127528 | ||
| 003 | ES-MaACL | ||
| 005 | 20250905063048.0 | ||
| 007 | t| | ||
| 008 | 070214s1960 sp r ||||1| spa d | ||
| 080 | _a821.134.2-31"19" | ||
| 100 | 1 |
_aRisco, Vicente, _d1884-1963 _997461 |
|
| 245 | 1 | 3 |
_aLa puerta de paja / _cpor Vicente Risco. |
| 260 |
_aBarcelona : _bG. P., _c1960. |
||
| 300 |
_a160 p. ; _c18 cm. |
||
| 490 | 1 | _aLibros Plaza | |
| 830 | 0 |
_aLibros Plaza _9181449 |
|
| 852 |
_aES-MaACL _jC-18046 _bR.45749 |
||
| 999 |
_c127528 _d127528 |
||